000 00974cam a22002054a 4500
005 20250605164142.0
008 250528s ||||||||||||||||||||||||d
035 _a18998
020 _a415003970
040 _aGR-AtMCL
_bgre
_dGR-AtMCL
_eAACR2
245 1 _aInternational Trade / New Patterns of Trade, Production and Investment
250 _a1st
260 _bRouledge,
_c1989
300 _a462
520 _aIntroduction, Basic Theories of International Trade and Production, The Changing Structure of World Output and World Trade, Intra-Industry Trade and Specialization, The Rise of the Multinational Corporations and Intra-Firm Trade, New Forms of International Economic Involvement, The Growth of Japan and the Emergence of the Newly-Industrializing Countries, The Growth of the New Protectionism and the Adjustment Problem, Trade in Services, References, Glossary, Index.
700 1 _aGrimwade Nigel
_95278
942 _cBK
999 _c4289
_d4289